The birds of the Republic of Panamá / (Registro nro. 3015)

Detalles MARC
000 -CABECERA
Campo de control 01071nam a2200277 a 4500
005 - FECHA Y HORA DE LA ULTIMA TRANSACCION
Campo de control 20171010020001.0
008 - ELEMENTOS DE LONGITUD FIJA—INFORMACION GENERAL
Campo de control 140307b1981 -usa||||r|||| 00| 0 spa d
020 ## - ISBN
ISBN 0874740630
040 ## - FUENTE DE CATALOGACIÓN
Agencia catalogadora original CO-BoIAVH
Agencia transcriptora CO-BoIAVH
041 0# - IDIOMA
Código de idioma para texto/pista de sonido o título separado Inglés
044 ## - PAÍS DE PUBLICACIÓN
País de publicación Estados Unidos
082 04 - NUMERO DE CLASIFICACION DECIMAL DEWEY
Número de clasificación 598.0723
Número del ítem W54b
100 1# - ASIENTO PRINCIPAL--NOMBRE PERSONAL
Nombre personal Wetmore, Alexander
Término relacionado autor
9 (RLIN) 18206
245 14 - MENCION DE TITULO
Título The birds of the Republic of Panamá /
Mención de responsabilidad Alexander Wetmore
260 ## - PUBLICACION, DISTRIBUCION, ETC. (PIE DE IMPRENTA)
Lugar de publicación, distribución, etc. Washington :
Nombre del editor, distribuidor, etc. Smithsonian Institution,
Fecha de publicación, distribución, etc. 1965-1981.
300 ## - DESCRIPCION FISICA
Extensión 4 volúmenes :
Otros detalles físicos ilustraciones ;
Dimensiones 23 x 16 cm.
500 ## - NOTA GENERAL
Nota general Incluye índices.
505 0# - NOTA DE CONTENIDO
Nota de contenido Part 1. Tinamidae (Tinamous) to Rynchopidae (Skimmers).
505 0# - NOTA DE CONTENIDO
Nota de contenido Part 2. Calumbidae (Pigeons) to Picidae (Woodpeckers).
505 0# - NOTA DE CONTENIDO
Nota de contenido Part 3. Passeriformes: Dendrocolaptidae (Woodcreepers) to Oxyruncidae (Sharpbills).
505 0# - NOTA DE CONTENIDO
Nota de contenido Part 4. Passeridformes: Hirundinidae (Swallows) to Fringillidae (Finches).
650 26 - ASIENTO SECUNDARIO DE MATERIA - TERMINO TEMATICO
Término temático o nombre geográfico como elemento de entrada Aves
Subdivisión general Identificación
Subdivisión geográfica Panamá
9 (RLIN) 76891
650 26 - ASIENTO SECUNDARIO DE MATERIA - TERMINO TEMATICO
Término temático o nombre geográfico como elemento de entrada Ornitología
Subdivisión geográfica Panamá
9 (RLIN) 76892
650 26 - ASIENTO SECUNDARIO DE MATERIA - TERMINO TEMATICO
Término temático o nombre geográfico como elemento de entrada Aves
Subdivisión general taxonomía
Subdivisión geográfica Panamá
9 (RLIN) 76893
942 ## - ELEMENTOS ADICIONALES (KOHA)
Tipo de ítem Libro
Sistema de clasificación Dewey Decimal Classification
Koha issues (borrowed), all copies 1
Existencias
Withdrawn status Lost status Sistema de Clasificación Damaged status No para préstamo Colección Inventariado Ubicación Permanente Ubicación actual Fecha de adquisición Fuente de Valor Valor Total Checkouts Número topográfico Inventario / Código de Barras Date last seen Ejemplar Price effective from Forma de adquisición Tipo de material Date checked out
    Dewey Decimal Classification     General Inventariado 2017 Bogotá Bogotá 04/12/2002 Instituto 39000.00 1 LB-598.0723 W54b 003320 09/10/2017 V.3 Ej.1 04/12/2012 Donación Libro 09/10/2017
    Dewey Decimal Classification     General Inventariado 2017 Sala Fabio Quevedo Sala Fabio Quevedo 04/12/2002 Instituto 39000.00   LB-598.0723 W54b 003318 04/12/2012 V.1 Ej.1 04/12/2012 Donación Libro  
    Dewey Decimal Classification     General Inventariado 2017 Sala Fabio Quevedo Sala Fabio Quevedo 04/12/2002 Instituto 39000.00   LB-598.0723 W54b 003319 18/04/2013 V.2 Ej.1 04/12/2012 Donación Libro  
    Dewey Decimal Classification     General Inventariado 2017 Sala Fabio Quevedo Sala Fabio Quevedo 04/12/2002 Instituto 39000.00   LB-598.0723 W54b 003321 04/12/2012 V.4 Ej.1 04/12/2012 Donación Libro